| 000 | 00607nam a2200169Ia 4500 | ||
|---|---|---|---|
| 008 | 240729s9999 xx 000 0 und d | ||
| 022 | _a2737-5323 | ||
| 245 | 0 | _aApplied Functional Materials | |
| 260 | _aSingapore | ||
| 260 | _bInternational Institute of Knowledge Innovation and Invention, Pte. Ltd. (IIKII PTE LTD) | ||
| 650 | _a Electrical engineering. Electronics. Nuclear engineering | ||
| 650 | _a Materials of engineering and construction. Mechanics of materials | ||
| 650 | _aTechnology | ||
| 856 | _uhttps://doaj.org/toc/6e12ecb6d1004354bcc1168b066cae6e | ||
| 942 | _2ddc | ||
| 942 | _cDOAJEJ | ||
| 999 |
_c67468 _d67468 |
||
| 945 |
_a1 _bMadushi Gamage _c1 _dMadushi Gamage |
||